00607nam a2200181 a 4500008004100000020001500041020001500056050001500071100002400086245011000110250002300220260003300243300002000276350000900296500006800305650002600373700002600399120416s1971 ||||||||||||||||| || u a0713132434 a0713132442 aTA 405 Cas aChilver, Amos Henry10aStrength of materials and structures: an introduction to the mechanics of solids and structures. (2nd ed) a2nd ed. (SI units) aLondon:bEdward Arnoldc1971 axii, 404p.: ill a0.00 aFirst ed. published in 1959 under title: Strength of materials. 0aSTRENGTH OF MATERIALS aCase, John, 1888-1969